Eat, pray, love : (Record no. 25991)
[ view plain ]
| 000 -LEADER | |
|---|---|
| fixed length control field | 01059cam a2200289 i 4500 |
| 001 - CONTROL NUMBER | |
| control field | 018117449 |
| 003 - CONTROL NUMBER IDENTIFIER | |
| control field | EG-ScBUE |
| 005 - DATE AND TIME OF LATEST TRANSACTION | |
| control field | 20240227140651.0 |
| 008 - FIXED-LENGTH DATA ELEMENTS--GENERAL INFORMATION | |
| fixed length control field | 090928s2007 nyu f 000 0aeng d |
| 020 ## - INTERNATIONAL STANDARD BOOK NUMBER | |
| International Standard Book Number | 9780143038412 |
| 040 ## - CATALOGING SOURCE | |
| Original cataloging agency | TEFOD |
| Language of cataloging | eng |
| Description conventions | rda |
| Transcribing agency | TEFOD |
| Modifying agency | TEFOD |
| -- | HOT |
| -- | OCLCF |
| -- | NRC |
| -- | YOL |
| -- | ORE |
| -- | M$K |
| -- | AU@ |
| -- | MMI |
| -- | RECBK |
| -- | OCLCQ |
| -- | TEFOD |
| -- | YDXCP |
| -- | IDEBK |
| -- | OCLCQ |
| -- | Uk |
| -- | EG-ScBUE |
| 043 ## - GEOGRAPHIC AREA CODE | |
| Geographic area code | n-us--- |
| 082 04 - DEWEY DECIMAL CLASSIFICATION NUMBER | |
| Classification number | 910.4092 |
| Edition number | 22 |
| Item number | GIL |
| 100 1# - MAIN ENTRY--PERSONAL NAME | |
| Personal name | Gilbert, Elizabeth, |
| Dates associated with a name | 1969- |
| Relator term | author. |
| 9 (RLIN) | 24511 |
| 245 10 - TITLE STATEMENT | |
| Title | Eat, pray, love : |
| Remainder of title | one woman's search for everything across Italy, India and Indonesia / |
| Statement of responsibility, etc | Elizabeth Gilbert. |
| 264 #1 - PUBLICATION, DISTRIBUTION, ETC. (IMPRINT) | |
| Place of publication, distribution, etc | New York : |
| Name of publisher, distributor, etc | Penguin Books, |
| Date of publication, distribution, etc | 2007. |
| 300 ## - PHYSICAL DESCRIPTION | |
| Extent | 333 pages ; |
| Dimensions | 18 cm |
| 336 ## - CONTENT TYPE | |
| Source | rdacontent |
| Content type term | text |
| Content type code | txt |
| 337 ## - MEDIA TYPE | |
| Media type term | unmediated |
| Source | rdamedia |
| Media type code | n |
| 338 ## - CARRIER TYPE | |
| Carrier type term | volume |
| Carrier type code | nc |
| Source | rdacarrier |
| 600 17 - SUBJECT ADDED ENTRY--PERSONAL NAME | |
| Personal name | Gilbert, Elizabeth, |
| Dates associated with a name | 1969- |
| General subdivision | Travel. |
| Source of heading or term | BUEsh |
| 9 (RLIN) | 15656 |
| 650 #7 - SUBJECT ADDED ENTRY--TOPICAL TERM | |
| Topical term or geographic name as entry element | Travel writers |
| Geographic subdivision | United States |
| Form subdivision | Biography. |
| Source of heading or term | BUEsh |
| 9 (RLIN) | 15657 |
| 651 ## - SUBJECT ADDED ENTRY--GEOGRAPHIC NAME | |
| Source of heading or term | BUEsh |
| 653 ## - INDEX TERM--UNCONTROLLED | |
| Resource For college | Generalities |
| Arrived date list | January2018 |
| BestSellers | Best Sellers |
| 655 ## - INDEX TERM--GENRE/FORM | |
| Form subdivision | Reading book |
| 942 ## - ADDED ENTRY ELEMENTS (KOHA) | |
| Source of classification or shelving scheme | Dewey Decimal Classification |
| Koha item type | Book - Borrowing |
| Withdrawn status | Lost status | Source of classification or shelving scheme | Damaged status | Not for loan | Collection code | Home library | Current library | Shelving location | Date acquired | Source of acquisition | Total Checkouts | Total Renewals | Full call number | Barcode | Date last seen | Date checked out | Price effective from | Koha item type |
|---|---|---|---|---|---|---|---|---|---|---|---|---|---|---|---|---|---|---|
| Dewey Decimal Classification | Donation-Gift | Central Library | Central Library | Second Floor | 23/01/2018 | Donation | 2 | 1 | 910.4092 GIL | 000047156 | 15/07/2025 | 19/07/2022 | 23/01/2018 | Book - Borrowing |